000
00314nam a2200133Ia 4500
005
20251222141944.0
008
251222s9999||||xx |||||||||||||| ||spa||
020
_a
84-294-5066-1
082
_a
425.01/C25
100
_a
Cant Amanda
245
0
_a
Developing Resources For Primary
264
_b
Richmond
942
_c
LIB
999
_c
9452
_d
9452